000 00474ntaaa2200193 4500
003 01
005 20251027202333.0
008 0714s1973 ag 01
040 _aAR-BaBN
_bspa
_cAR-BaBN
_eaacr
_dRIC
082 _a294.5000 B69
100 _aBoyd, A.J.
_921981
245 _aChristian encounter
250 _a1 ed.
260 _aEdinburgh :
_bSaint Andrew Press,
_c1961
300 _a122 p
500 _aEstudio del hinduĂ­smo
650 _aHinduĂ­smo
_913567
942 _cBK
999 _c18207
_d18207